| 000 | 00639nam a22001457a 4500 | ||
|---|---|---|---|
| 999 |
_c526586 _d526586 |
||
| 008 | 240612b ||||| |||| 00| 0 eng d | ||
| 100 |
_aBasa, Kishor K. _953502 |
||
| 245 | _aExcavating the hidden voice of Maria Graham: the first women Narrator on South Asian archaeology | ||
| 260 | _aMan In India | ||
| 300 | _a103(4), 2023: p.143-150 | ||
| 520 | _aDuring the last four decades, archaeology of gender has enraged as an important theoretical perspective in archaeology. Such a perspective is also applied in the context of Indian archaeology. – Reproduced | ||
| 773 | _aMan In India | ||
| 906 | _aARCHAELOGY | ||
| 942 | _cAR | ||